基督教神學發展史: (Record no. 20467)
[ view plain ]
| 000 -LEADER | |
|---|---|
| fixed length control field | 00631nam a2200205Ia 4500 |
| 008 - FIXED-LENGTH DATA ELEMENTS--GENERAL INFORMATION | |
| fixed length control field | 200826s9999||||xx |||||||||||||| ||und|| |
| 020 ## - INTERNATIONAL STANDARD BOOK NUMBER | |
| International Standard Book Number | 9622710182 |
| 020 ## - INTERNATIONAL STANDARD BOOK NUMBER | |
| International Standard Book Number | 9789622710184 |
| 041 ## - LANGUAGE CODE | |
| Language code of text/sound track or separate title | chi |
| 050 ## - LIBRARY OF CONGRESS CALL NUMBER | |
| Classification number | BT23 |
| Item number | .L56 1990 |
| 100 ## - MAIN ENTRY--PERSONAL NAME | |
| Personal name | 林榮洪 |
| 245 #0 - TITLE STATEMENT | |
| Title | 基督教神學發展史: |
| Remainder of title | 初期教會 / |
| Statement of responsibility, etc. | 林榮洪 |
| 246 ## - VARYING FORM OF TITLE | |
| Title proper/short title | 基督教神学发展史: |
| Remainder of title | 初期教会/ |
| 260 ## - PUBLICATION, DISTRIBUTION, ETC. | |
| Place of publication, distribution, etc. | 香港 : |
| Name of publisher, distributor, etc. | 中國神學研究院, |
| Date of publication, distribution, etc. | 1990 |
| 300 ## - PHYSICAL DESCRIPTION | |
| Extent | 12, 392 p. |
| Other physical details | ; |
| Dimensions | 23 cm. |
| 650 ## - SUBJECT ADDED ENTRY--TOPICAL TERM | |
| Topical term or geographic name entry element | Theology History. |
| 650 ## - SUBJECT ADDED ENTRY--TOPICAL TERM | |
| Topical term or geographic name entry element | Theology, Doctrinal History Early church, ca.30-600. |
| 650 ## - SUBJECT ADDED ENTRY--TOPICAL TERM | |
| Topical term or geographic name entry element | Theology, Doctrinal History. |
| Withdrawn status | Lost status | Source of classification or shelving scheme | Damaged status | Not for loan | Home library | Current library | Shelving location | Date acquired | Total Checkouts | Full call number | Barcode | Date last seen | Price effective from | Koha item type |
|---|---|---|---|---|---|---|---|---|---|---|---|---|---|---|
| Library of Congress Classification | GETS Theological Seminary Library | GETS Theological Seminary Library | General Stacks | 08/26/2020 | BT21.2 .L34 1990 | 00008031 | 08/26/2020 | 08/26/2020 | Chinese Book |